000 00576nam a2200193Ia 4500
005 20250508164924.0
008 008 250505s9999 xx 000 0 eng d
037 _aDissertations
040 _aFEDL
_beng
_cFEDL
041 _aeng
_2eng
084 _a510.7, GEE/DI
_qFEDL
100 _aGeeta Rani
245 0 _aTeachers comprehension of some algorithms of methematics and its implications for teaching
260 _c1996
300 _a82p.
546 _aM.Ed. Disseration (Delhi University)
942 _cDIS
_h510.7, GEE/DI
999 _c1392039
_d1392039